Library Banner

خامہ بگوش کے قلم سے (Record no. 80655)

MARC details
000 -LEADER
fixed length control field 00386nam a22001337a 4500
005 - DATE AND TIME OF LATEST TRANSACTION
control field 20160122145657.0
008 - FIXED-LENGTH DATA ELEMENTS--GENERAL INFORMATION
fixed length control field 151207b xxu||||| |||| 00| 0 eng d
040 ## - CATALOGING SOURCE
Transcribing agency PK-LaUMT
082 ## - DEWEY DECIMAL CLASSIFICATION NUMBER
Classification number MSC 801.95
Item number KHA-
245 ## - TITLE STATEMENT
Title خامہ بگوش کے قلم سے
Statement of responsibility, etc مظفر علی سید(مرتبہ
260 ## - PUBLICATION, DISTRIBUTION, ETC. (IMPRINT)
Place of publication, distribution, etc لاہور
Name of publisher, distributor, etc پاکستان رائٹرز
Date of publication, distribution, etc 1995
300 ## - PHYSICAL DESCRIPTION
Extent 335 ص
942 ## - ADDED ENTRY ELEMENTS (KOHA)
Koha item type Books
Holdings
Withdrawn status Lost status Damaged status Home library Current library Date acquired Full call number Barcode Date last seen Price effective from Koha item type
      UMT Main Campus UMT Main Campus 2015-12-07 MSC 801.95 KHA- 95385 2015-12-07 2015-12-07 Books